00497 a2200145 4500020001500000050002200015100003000037245011000067264004800177300003200225500001900257650001200276700003200288700003100320 a0669337552 aQA 154.2 LAR 1994 aLarson, E. Rolandeauthor aInternamediate algebra :bgraphs and functions/cRoland E Larson, Robert P. Hosteler & Carolyn F. Neptune aNew York :bD C and Heath and companyc1994 axxii, 800p. P:bill ( col.) aIncludes index aAlgebra aHosteler, Robert P.eauthor aNeptune, Carolyn Feauthor